| 000 | 01335 a2200229 4500 | ||
|---|---|---|---|
| 001 | 119175 | ||
| 020 | _a9781542006668 | ||
| 020 | _qenc. | ||
| 041 | _aeng | ||
| 082 | _a398 | ||
| 100 | _aFunk, Josh | ||
| 520 | _aLittle Red likes to play by the rules. So when the narrator comes along and asks her to follow the story set out in her fairy tale, she grabs the basket for Grandma and goes. After all, she loves her grandma. But unfortunately, none of the other characters are quite what they're expecting.... As Little Red attempts to follow the narrator's directions (which, frankly, seem kind of dangerous!), she is beset by fill-in characters, confusing instructions, and even a fierce battle! Will Little Red ever make it to Grandma's house? And who will she find when she gets there? Complete with some unusual "guest appearances," this laugh-out-loud Little Red Riding Hood retelling will have kids giggling all the way to Grandma's house! Ding-dong! | ||
| 697 | _aFairy tales | ||
| 856 | _u000034/00003462.jpg | ||
| 040 |
_aBR-BrIDEA _cBR-BrIDEA |
||
| 090 |
_aYear 2 398 _bFUN |
||
| 245 | 1 | 0 |
_aIt's not little red riding hood _cby Josh Funk ; Illustrated by Edwardian Taylor |
| 260 |
_aNew York _bTwo Lions _c2020 |
||
| 300 |
_a1 volume (unpaged) _bcol. ill. |
||
| 700 |
_aTaylor, Edwardian _eillustrator |
||
| 942 | _cBK | ||
| 999 |
_c119175 _d119175 |
||